F2 2023 Winners - Statistics

General Stats
  • This quiz has been taken 14 times
    12 since last reset
  • The average score is 8 of 24
Answer Stats
Hint Answer % Correct
Sahkir Feature Theo Pourchaire
90%
Jeddah Feature Frederik Vesti
70%
Monte Carlo Feature Frederik Vesti
70%
Barcelona Sprint Frederik Vesti
70%
Baku Sprint Oliver Bearman
70%
Baku Feature Oliver Bearman
70%
Barcelona Feature Oliver Bearman
40%
Sakhir Sprint Ralph Boschung
40%
Monte Carlo Sprint Ayumu Iwasa
30%
Melbourne Sprint Dennis Hauger
30%
Jeddah Sprint Ayumu Iwasa
20%
Melbourne Feature Ayumu Iwasa
20%
Zandvoort Feature Clement Novalak
20%
Silverstone Feature Victor Martins
20%
Budapest Sprint Dennis Hauger
10%
Spa-Francorchamps Sprint Enzo Fittipaldi
10%
Silverstone Sprint Frederik Vesti
10%
Monza Sprint Frederik Vesti
10%
Zandvoort Sprint Isack Hadjar
10%
Budapest Feature Jack Doohan
10%
Spa-Francorchamps Feature Jack Doohan
10%
Spielberg Sprint Jak Crawford
10%
Monza Feature Oliver Bearman
10%
Spielberg Feature Richard Verschoor
10%
No matching quizzes found
Score Distribution
Percent of People with Each Score
Percentile by Number Answered
Your Score History
You have not taken this quiz since the last reset